000 00408nam a2200157Ia 4500
008 231217s9999 xx 000 0 und d
041 _aEnglish
082 _a519.5 FRE
100 _aFreund, John E Walpole, Ronald E
245 0 _aMathematical statistics
250 _a3rd ed.
260 _c1980
_bNew Delhi : PHI,
300 _axii+548
650 _aStatistics Mathematical statistics
942 _cAA
999 _c162106
_d162106